Hills Complete law of housing. 2nd supplement to 4th edition (Record no. 86359)

MARC details
000 -LEADER
fixed length control field 00557cam a2200205 4500
001 - CONTROL NUMBER
control field D12961
008 - FIXED-LENGTH DATA ELEMENTS--GENERAL INFORMATION
fixed length control field 090401t1951 xxu||||| |||| 00| 0 eng d
035 ## - SYSTEM CONTROL NUMBER
System control number (Sirsi) u6860
041 ## - LANGUAGE CODE
Language code of text/sound track or separate title eng
100 ## - MAIN ENTRY--PERSONAL NAME
Personal name Hill, H.A.
245 ## - TITLE STATEMENT
Title Hills Complete law of housing. 2nd supplement to 4th edition
250 ## - EDITION STATEMENT
Edition statement 4th
260 ## - PUBLICATION, DISTRIBUTION, ETC.
Place of publication, distribution, etc. London
Name of publisher, distributor, etc. Butterworth and Co
Date of publication, distribution, etc. 1951
300 ## - PHYSICAL DESCRIPTION
Extent xxiv. 264p. 25cm
350 ## - PRICE (NR) (BK AM CF MU VM SE) [OBSOLETE]
Price 0
520 ## - SUMMARY, ETC.
Summary, etc. Shelf 116 ; Second supplement by D P Kerrigan and R G C Davison
700 ## - ADDED ENTRY--PERSONAL NAME
Personal name Kerrigan, D.P.
942 ## - ADDED ENTRY ELEMENTS (KOHA)
Suppress in OPAC 0
948 ## - LOCAL PROCESSING INFORMATION (OCLC); SERIES PART DESIGNATOR (RLIN)
c (OCLC) 04/03/1997
Holdings
Withdrawn status Lost status Source of classification or shelving scheme Damaged status Not for loan Home library Current library Shelving location Date acquired Total Checkouts Full call number Barcode Date last seen Copy number Price effective from Koha item type
    Dewey Decimal Classification     London London Basement 14/09/1999   SHELF 117 30005590 06/08/2019 1 06/08/2019 Reference material